<?xml version="1.0" encoding="UTF-8"?>
<record
    xmlns:xsi="http://www.w3.org/2001/XMLSchema-instance"
    xsi:schemaLocation="http://www.loc.gov/MARC21/slim http://www.loc.gov/standards/marcxml/schema/MARC21slim.xsd"
    xmlns="http://www.loc.gov/MARC21/slim">

  <leader>01677    a2200217   4500</leader>
  <controlfield tag="001">15431</controlfield>
  <controlfield tag="005">20260407155450.0</controlfield>
  <controlfield tag="008">260407a1999    arg                 spa d</controlfield>
  <controlfield tag="003">AR-UNSa-BCEJYS</controlfield>
  <datafield tag="040" ind1=" " ind2=" ">
    <subfield code="a">AR-UNSa-BCEJYS</subfield>
    <subfield code="b">spa</subfield>
    <subfield code="c">AR-UNSa-BCEJYS</subfield>
  </datafield>
  <datafield tag="080" ind1=" " ind2=" ">
    <subfield code="a">368</subfield>
    <subfield code="x">Seguros. Provisi&#xF3;n comunitaria mediante participaci&#xF3;n en los riesgos</subfield>
  </datafield>
  <datafield tag="245" ind1="1" ind2="0">
    <subfield code="a">R&#xE9;gimen legal del seguro</subfield>
    <subfield code="p">Ley 17.418</subfield>
  </datafield>
  <datafield tag="020" ind1=" " ind2=" ">
    <subfield code="a">950-727-224-0</subfield>
  </datafield>
  <datafield tag="264" ind1=" " ind2="1">
    <subfield code="a">Buenos Aires :</subfield>
    <subfield code="b">Rubinzal-Culzoni Editores</subfield>
    <subfield code="c">1999</subfield>
  </datafield>
  <datafield tag="300" ind1=" " ind2=" ">
    <subfield code="a">560 p.</subfield>
    <subfield code="c">22 cm.</subfield>
  </datafield>
  <datafield tag="505" ind1=" " ind2=" ">
    <subfield code="a">I. Disposiciones generales: 1. Concepto y celebraci&#xF3;n - 2. Reticencia - 3. P&#xF3;liza - 4. Denuncias y declaraciones - 5. Competencia y domicilio - 6. Plazo - 7. Por cuenta ajena - 8. Prima - 9. Caducidad - 10. Agravaci&#xF3;n del riesgo - 11. Denuncia del siniestro - 12. Vencimiento de la obligaci&#xF3;n del asegurador - 13. Rescisi&#xF3;n por siniestro parcial - 14. Intervenci&#xF3;n de auxiliares en la celebraci&#xF3;n del contrato - 15. Determinaci&#xF3;n de la indemnizaci&#xF3;n. Juicio pericial - 16. Prescripci&#xF3;n -- II. Seguro de da&#xF1;os patrimoniales: 1. Disposiciones generales - 2. Pluralidad de seguros - 3. Provocaci&#xF3;n de siniestro - 4. Salvamento y verificaci&#xF3;n de los da&#xF1;os - 5. Subrogaci&#xF3;n - 6. Desaparici&#xF3;n del inter&#xE9;s o cambio de titular - 7. Hipoteca. Prenda - 8. Seguro de incendio - 9. Seguros de la agricultura - 10. Seguro de animales - 11. Seguro de responsabilidad civil - 12. Seguro de transporte - 13. Seguro de personas -- III. Seguro de personas</subfield>
  </datafield>
  <datafield tag="942" ind1=" " ind2=" ">
    <subfield code="c">BK</subfield>
  </datafield>
  <datafield tag="590" ind1=" " ind2=" ">
    <subfield code="a">niveau_biblio:m niveau_hierar:0</subfield>
  </datafield>
  <datafield tag="100" ind1="1" ind2=" ">
    <subfield code="a">Piedecasas, Miguel A.</subfield>
  </datafield>
  <datafield tag="856" ind1="4" ind2="1">
    <subfield code="u">https://170.210.207.44/pmb/images/libros/L119050.jpg</subfield>
    <subfield code="y">Imagen de portada</subfield>
    <subfield code="q">image/jpeg</subfield>
  </datafield>
  <datafield tag="999" ind1=" " ind2=" ">
    <subfield code="c">647</subfield>
    <subfield code="d">647</subfield>
  </datafield>
  <datafield tag="952" ind1=" " ind2=" ">
    <subfield code="0">0</subfield>
    <subfield code="1">0</subfield>
    <subfield code="4">0</subfield>
    <subfield code="7">0</subfield>
    <subfield code="a">BCEJYS</subfield>
    <subfield code="b">BCEJYS</subfield>
    <subfield code="c">16</subfield>
    <subfield code="d">2026-04-07</subfield>
    <subfield code="l">0</subfield>
    <subfield code="o">368 P613</subfield>
    <subfield code="p">L119050</subfield>
    <subfield code="r">2026-04-07 15:54:50</subfield>
    <subfield code="w">2026-04-07</subfield>
    <subfield code="y">L</subfield>
  </datafield>
</record>
